000 00635nam a2200181Ia 4500
008 151018s9999 xx 000 0 und d
082 _bRBASDV47593
_a503
100 _aशर्मा राणे
245 _aअनोखी दुनिया अनोखे रहस्य
250 _b1
260 _bसदानीरा
_c2007
300 _a136
600 _aशर्मा राणे
630 _aअनोखी दुनिया अनोखे रहस्य
700 _aशर्मा राणे
730 _aअनोखी दुनिया अनोखे रहस्य
942 _cBOOK
999 _c1046725
_d1046722